All Kanto Pokemon's Relatives - Statistics

General Stats
  • This quiz has been taken 20 times
    15 since last reset
  • The average score is 23 of 37
Answer Stats
Gen Answer % Correct
II Pichu
91%
II Cleffa
82%
II Elekid
82%
II Magby
82%
II Scizor
82%
II Slowking
82%
II Espeon
73%
II Hitmontop
73%
II Igglybuff
73%
II Kingdra
73%
II Tyrogue
73%
II Umbreon
73%
II Blissey
64%
IV Electivire
64%
IV Glaceon
64%
IV Leafeon
64%
IV Magmortar
64%
IV Mime Jr.
64%
II Politoed
64%
II Steelix
64%
IV Tangrowth
64%
II Bellossom
55%
II Crobat
55%
VIII Mr. Rime
55%
IV Munchlax
55%
II Porygon2
55%
IV Porygon-Z
55%
II Smoochum
55%
VI Sylveon
55%
IX Annihilape
45%
IV Happiny
45%
IV Lickilicky
45%
IV Magnezone
45%
VIII Sirfetch'd
45%
VIII Kleavor
36%
VIII Perrserker
36%
IV Rhyperior
36%
No matching quizzes found
Score Distribution
Percent of People with Each Score
Percentile by Number Answered
Your Score History
You have not taken this quiz since the last reset